000 00286nam a2200121Ia 4500
005 20251028132345.0
008 251020t2012||||xx |||||||||||||| ||spa||
041 _aspa
100 _aCuadrado Ramos, José Daniel
245 0 _aManual de derecho mercantil
260 _c2012
942 _CLB
_cLB
999 _c903
_d903